| 000 | 01331nam a2200397 c 4500 | ||
|---|---|---|---|
| 999 |
_c205734 _d205734 |
||
| 003 | BLK | ||
| 005 | 20250428134112.0 | ||
| 008 | 180411b bul|||||r ||||||| ||bul|| | ||
| 010 | _aKNG00215412000 | ||
| 020 | _a9786191691289 | ||
| 040 | _aBLK | ||
| 041 |
_aBUL _cBUL |
||
| 072 | 7 |
_2bullib _aН84 _xБългарска художествена литература Н |
|
| 080 |
_aБългарска литература _b821.163.2 _x-31 _z821.163.2-31 |
||
| 100 |
_aХристов, Иво Ивов _eпърви автор _9401051 |
||
| 139 |
_aХристов, Иво _bХ 78 |
||
| 245 | 1 | 0 |
_aКалендарът на живота _bРоман _cИво Христов. |
| 257 | _aBGR | ||
| 260 |
_bМОНТ _c2017 |
||
| 300 |
_a336 с. _c21 см |
||
| 380 | _aX | ||
| 650 | 7 |
_9169685 _aРоман |
|
| 659 | _aН | ||
| 700 |
_91311 _aСтанчева, Ваня Николова _eред. |
||
| 700 |
_9390420 _aСтоянов, Димитър _eкор. |
||
| 852 | _aЦб 288839 | ||
| 856 | 4 | _qpdf | |
| 856 | 4 | _qpdf | |
| 942 |
_cKNG _n0 _015 _s1 |
||
| 944 |
_aCR _c11.01.2018 _k30535 _lХристина Везирева |
||
| 944 |
_aED _c15.02.2018 _kСимона_Петрова |
||
| 944 |
_aED _c2019-01-22 _kКристиан Велковски _l2019-01-22 |
||
| 999 | _d205734 | ||
| 999 | _d205734 | ||
| 999 | _d205734 | ||